[Event "Goch op 26th"]
[Site "Goch"]
[Date "2015.09.06"]
[Round "6"]
[White "Debbeler, Bernard"]
[Black "Ringeltaube, Denny"]
[Result "1/2-1/2"]
[WhiteElo "1344"]
[BlackElo "1733"]
[PlyCount "109"]
[EventDate "2015.09.03"]
[EventType "swiss"]
[EventRounds "7"]
[EventCountry "GER"]
[SourceTitle "EXT 2018"]
[Source "ChessBase"]
[SourceDate "2017.10.13"]
[SourceVersion "1"]
[SourceVersionDate "2017.10.13"]
[SourceQuality "1"]

1. e4 c5 2. Nf3 e6 3. Bc4 Nc6 4. 0-0 a6 5. c3 b5 6. Bb3 Bb7 7. Re1 Qc7 8. d4 cxd4 9. cxd4 Na5 10. Bg5 Rc8 11. Nbd2 Nxb3 12. Nxb3 Qb6 13. Rc1 Rxc1 14. Qxc1 Be7 15. Nc5 Nf6 16. Nxb7 Qxb7 17. Qc2 0-0 18. e5 Nd5 19. Bxe7 Nxe7 20. Rc1 Rc8 21. Qd2 Rc6 22. a3 h6 23. Rc5 d6 24. Rxc6 Qxc6 25. Qc3 Qxc3 26. bxc3 dxe5 27. dxe5 Nd5 28. c4 bxc4 29. Nd4 Kf8 30. Kf1 Ke8 31. Ke2 Kd7 32. g3 Kc7 33. f4 Kb6 34. f5 Kc5 35. fxe6 fxe6 36. Nxe6+ Kb5 37. Nxg7 Ne7 38. g4 Ka4 39. Nf5 Nc6 40. Nxh6 Kxa3 41. e6 Nd4+ 42. Kd2 Nxe6 43. Nf5 Kb2 44. Ne3 c3+ 45. Kd1 Nf4 46. g5 Kb1 47. Nc2 Kb2 48. h4 a5 49. g6 Nxg6 50. h5 Nh8 51. Nd4 a4 52. h6 a3 53. Nc2 a2 54. Na1 Kxa1 55. Kc2 1/2-1/2

[Event "Goch op 26th"]
[Site "Goch"]
[Date "2015.09.04"]
[Round "3"]
[White "Lessing, Sebastian"]
[Black "Debbeler, Bernard"]
[Result "1-0"]
[WhiteElo "1845"]
[BlackElo "1344"]
[PlyCount "121"]
[EventDate "2015.09.03"]
[EventType "swiss"]
[EventRounds "7"]
[EventCountry "GER"]
[SourceTitle "EXT 2018"]
[Source "ChessBase"]
[SourceDate "2017.10.13"]
[SourceVersion "1"]
[SourceVersionDate "2017.10.13"]
[SourceQuality "1"]

1. Nc3 Nf6 2. e4 e5 3. Nf3 Nc6 4. Bc4 Bb4 5. d3 h6 6. 0-0 0-0 7. Nd5 d6 8. h3 Bc5 9. Be3 Bxe3 10. fxe3 Nxd5 11. Bxd5 Ne7 12. Bb3 Be6 13. Nh4 Bxb3 14. axb3 d5 15. Qg4 Qc8 16. Nf5 Nxf5 17. exf5 f6 18. Rf3 Qe8 19. Rg3 Rf7 20. Qh5 Kf8 21. Ra4 Re7 22. Qg4 c5 23. Qh4 d4 24. e4 b6 25. Rg6 Rc8 26. Ra1 b5 27. Rf1 c4 28. bxc4 bxc4 29. Rf3 cxd3 30. cxd3 Qc6 31. Rfg3 Rcc7 32. Qxh6 Qc1+ 33. Qxc1 Rxc1+ 34. Kh2 Rb1 35. h4 Rxb2 36. h5 Rf7 37. h6 gxh6 38. Rxh6 Ke7 39. Rg8 Rb3 40. Rhh8 Rb6 41. Rd8 Rh7+ 42. Rxh7+ Kxd8 43. Rxa7 Rb3 44. Rf7 Rxd3 45. Rxf6 Re3 46. Re6 Rxe4 47. f6 Rf4 48. Rxe5 Rxf6 49. Rd5+ Ke7 50. Rxd4 Rb6 51. Rf4 Rf6 52. Rxf6 Kxf6 53. Kh3 Kf5 54. Kh4 Kg6 55. Kg4 Kf6 56. Kh5 Kg7 57. Kg5 Kh7 58. Kf6 Kg8 59. Kg6 Kf8 60. g4 Kg8 61. g5 1-0